| 000 | 00641nam a2200169Ia 4500 | ||
|---|---|---|---|
| 008 | 090711s9999 xx 000 0 und d | ||
| 082 | _b37984 | ||
| 100 | _aघैसास दिवाकर अ. | ||
| 245 | _aश्री गणेश व्रतकथा व महात्म्य | ||
| 260 | _c1978 | ||
| 300 | _a104 | ||
| 600 | _aघैसास दिवाकर अ. | ||
| 630 | _aश्री गणेश व्रतकथा व महात्म्य | ||
| 700 | _aघैसास दिवाकर अ. | ||
| 730 | _aश्री गणेश व्रतकथा व महात्म्य | ||
| 942 | _cBOOK | ||
| 999 |
_c285616 _d285616 |
||